000 00576nam a2200229 a 4500
001 nice12345678
003 IN_TiNIC
005 20260116011552.0
008 050524s1922 cala grp 000 0 eng
020 _a
_c100
082 0 0 _a297.24
_bCLS1
245 _aKhlifate Agitation in India
260 _aCalcutta
_bChristian Literature Society
_c1922
300 _a76p
500 _aincludes index and biblioraphy
505 2 _aIndex
650 _aCaliphate-Movement-India
710 2 _aChristian Literature Society
902 _bSRS
942 _cBK
999 _c2661
_d2661